| 000 | 00356pam a2200145a 44500 | ||
|---|---|---|---|
| 008 | 230405s xxu||||| |||| 00| 0 eng d | ||
| 041 | _aENG | ||
| 100 | _aCHURASIA B D | ||
| 245 | _aHUMAN ANATOMY REGIONAL AND APPLIED VOL III | ||
| 250 | _a3 1995 | ||
| 260 |
_aNEW DELHI _bCBS PUBLISHERS DELHI _c |
||
| 300 | _a332 | ||
| 650 | _aPHARMACOLOGY | ||
| 906 | _a354 | ||
| 999 |
_c275625 _d275625 |
||